000 00309nam a2200109Ia 4500
008 200302s9999 xx 000 0 und d
100 _aCaroline Lin Scott
245 _aWalter Foster : How To Draw & Paint - Landscape(Water Color 1)
260 _bWalter Foster Publishing Inc.,
260 _c2010
300 _a31 P
999 _c4972
_d4972